| 000 | 01514cam a2200373 a 4500 | ||
|---|---|---|---|
| 001 | EDZ0000105102 | ||
| 003 | StDuBDS | ||
| 005 | 20161031105219.0 | ||
| 006 | m||||||||d|||||||| | ||
| 007 | cr ||||||||||| | ||
| 008 | 121017s2010 ii fo| 001|0|eng|d | ||
| 020 |
_a9781446269138 (ebook) : _cNo price |
||
| 040 |
_aStDuBDS _beng _cStDuBDS _epn |
||
| 049 | _aAlfaisal Main Library | ||
| 050 | 0 |
_aG155.A1 _bW364 2010 |
|
| 082 | 0 | 4 |
_a338.4791 _223 |
| 100 | 1 | _aWearing, Stephen. | |
| 245 | 1 | 0 |
_aTourist cultures _h[electronic resource] : _bidentity, place and the traveller / _cStephen Wearing, Deborah Stevenson and Tamara Young. |
| 260 |
_aDelhi ; _aLondon : _bSAGE, _cc2010. |
||
| 300 | _a1 online resource (vi, 169 p.) | ||
| 520 | 8 | _aThis book argues that tourists - be they on a package tour or immersing themselves in local cultures - are not passive consumers of either destinations or their interpretations, but that they actively occupy a multi-sensory, embodied experience. | |
| 521 | _aSpecialized. | ||
| 588 | _aDescription based on print version record. | ||
| 504 | _aIncludes bibliographical references and index. | ||
| 650 | 0 |
_aTourism _xSocial aspects. |
|
| 650 | 0 | _aTravelers. | |
| 655 | 7 |
_aElectronic books. _2local |
|
| 700 | 1 |
_aStevenson, Deborah, _d1958- |
|
| 700 | 1 | _aYoung, Tamara. | |
| 710 | 2 | _aSage eBooks | |
| 776 | 0 | 8 |
_iPrint version : _z9780761949985 |
| 856 | 4 | 0 | _uhttp://ezproxy.alfaisal.edu/login?url=http://sk.sagepub.com/books/tourist-cultures |
| 942 |
_2lcc _cEBOOKS |
||
| 999 |
_c481851 _d481851 |
||